On This Day: September 1st Quiz Stats

 Plays Quiz Updated Sep 1, 2017

Challenge
Share
Tweet
Embed
Score 0/7 Timer 03:00
1 Play Today
Question Answer Wrong Answers
This Cuban-American singer-songwriter, who started off her career as the lead singer of the band Miami Sound Machine, is born.
1957
Gloria Estefan
85.8%
Selena
3.6%
Jennifer Lopez
4.4%
Shakira
3%
This city in Russia changes its name to Petrograd.
1914
St. Petersburg
75.6%
Moscow
5.9%
Sochi
4.6%
Irkutsk
12.3%
A joint American–French expedition locates the wreckage of the RMS ______.
1985
Titanic
71.2%
Carpathia
3.1%
Lusitania
17.6%
Queen Mary
4.6%
This Pulitzer Prize-winning novel by Ernest Hemingway is first published.
1952
The Old Man and the Sea
61.5%
For Whom the Bell Tolls
31.9%
A Moveable Feast
1.2%
To Have and Have Not
2.7%
Iceland expands its fishing zone, putting it into conflict with the United Kingdom and beginning the ______ Wars.
1958
Cod
54.9%
Carp
4.3%
Tuna
19.1%
Whale
18.4%
The Tremont Street Subway in this city opens, becoming the first underground rapid transit system in North America.
1897
Boston
37.9%
Philadelphia
8.6%
New York
43.4%
Chicago
10.1%
The last known ______ pigeon, a female named Martha, dies in captivity in the Cincinnati Zoo.
1914
Passenger
33.5%
Carrier
41.2%
Homing
11.1%
Messenger
12%

Today's Daily Dose

Missing Word
Top 10 Artists

Word Ladder
'70s Song II

On This Day
October 20th II

You're not logged in!

Compare scores with friends on all Sporcle quizzes.
Join for Free
OR
Log In

You Might Also Like...

Show Comments

Extras

Top Quizzes Today


Score Distribution

Your Account Isn't Verified!

In order to create a playlist on Sporcle, you need to verify the email address you used during registration. Go to your Sporcle Settings to finish the process.

Report this User

Report this user for behavior that violates our Community Guidelines.

Details: